| LEADER | 03084nam a2200313 4500 | ||
|---|---|---|---|
| 082 | |a 624.18341 |b K258C | ||
| 100 | |a Ngô Thế Phong | ||
| 245 | |a Kết cấu bê tông cốt thép: Phần kết cấu nhà cửa. / |c Ngô Thế Phong | ||
| 260 | |a H: |b KHKT; |c 2008. | ||
| 300 | |a 327 tr.; |c 27 cm | ||
| 520 | |a v...v | ||
| 653 | |a Kĩ thuật | ||
| 942 | |2 ddc |c STK0 | ||
| 999 | |c 3883 |d 3883 | ||
| 952 | |0 0 |1 0 |2 ddc |4 0 |6 624_183410000000000_K258C |7 1 |8 600 |9 39309 |a qbu |b qbu |c D3 |d 2014-12-17 |o 624.18341 K258C |p 1538.C1 |r 0000-00-00 |w 2014-12-17 |y STK0 | ||
| 952 | |0 0 |1 0 |2 ddc |4 0 |6 624_183410000000000_K258C |7 0 |8 600 |9 39310 |a qbu |b qbu |c D3 |d 2014-12-17 |o 624.18341 K258C |p 1538.C2 |r 0000-00-00 |w 2014-12-17 |y STK0 |0 0 |6 624_183410000000000_K258C | ||
| 952 | |0 0 |1 0 |2 ddc |4 0 |6 624_183410000000000_K258C |7 0 |8 600 |9 39311 |a qbu |b qbu |c D3 |d 2014-12-17 |o 624.18341 K258C |p 1538.C3 |r 0000-00-00 |w 2014-12-17 |y STK0 |0 0 |6 624_183410000000000_K258C | ||
| 952 | |0 0 |1 0 |2 ddc |4 0 |6 624_183410000000000_K258C |7 0 |8 600 |9 39312 |a qbu |b qbu |c D3 |d 2014-12-17 |o 624.18341 K258C |p 1538.C4 |r 0000-00-00 |w 2014-12-17 |y STK0 |0 0 |6 624_183410000000000_K258C | ||
| 952 | |0 0 |1 0 |2 ddc |4 0 |6 624_183410000000000_K258C |7 0 |8 600 |9 39313 |a qbu |b qbu |c D3 |d 2014-12-17 |o 624.18341 K258C |p 1538.C5 |r 0000-00-00 |w 2014-12-17 |y STK0 |0 0 |6 624_183410000000000_K258C | ||
| 952 | |0 0 |1 0 |2 ddc |4 0 |6 624_183410000000000_K258C |7 0 |8 600 |9 39314 |a qbu |b qbu |c D3 |d 2014-12-17 |o 624.18341 K258C |p 1538.C6 |r 0000-00-00 |w 2014-12-17 |y STK0 |0 0 |6 624_183410000000000_K258C | ||
| 952 | |0 0 |1 0 |2 ddc |4 0 |6 624_183410000000000_K258C |7 0 |8 600 |9 39315 |a qbu |b qbu |c D3 |d 2014-12-17 |o 624.18341 K258C |p 1538.C7 |r 0000-00-00 |w 2014-12-17 |y STK0 |0 0 |6 624_183410000000000_K258C | ||
| 952 | |0 0 |1 0 |2 ddc |4 0 |6 624_183410000000000_K258C |7 0 |8 600 |9 39316 |a qbu |b qbu |c D3 |d 2014-12-17 |o 624.18341 K258C |p 1538.C8 |r 0000-00-00 |w 2014-12-17 |y STK0 |0 0 |6 624_183410000000000_K258C | ||
| 952 | |0 0 |1 0 |2 ddc |4 0 |6 624_183410000000000_K258C |7 0 |8 600 |9 39317 |a qbu |b qbu |c D3 |d 2014-12-17 |o 624.18341 K258C |p 1538.C9 |r 0000-00-00 |w 2014-12-17 |y STK0 |0 0 |6 624_183410000000000_K258C | ||
| 952 | |0 0 |1 0 |2 ddc |4 0 |6 624_183410000000000_K258C |7 0 |8 600 |9 39318 |a qbu |b qbu |c D3 |d 2014-12-17 |o 624.18341 K258C |p 1538.C10 |r 0000-00-00 |w 2014-12-17 |y STK0 |0 0 |6 624_183410000000000_K258C | ||
| 952 | |0 0 |1 0 |2 ddc |4 0 |6 624_183410000000000_K258C |7 0 |8 600 |9 39319 |a qbu |b qbu |c D3 |d 2014-12-17 |o 624.18341 K258C |p 1538.C11 |r 0000-00-00 |w 2014-12-17 |y STK0 |0 0 |6 624_183410000000000_K258C | ||
| 952 | |0 0 |1 0 |2 ddc |4 0 |6 624_183410000000000_K258C |7 0 |8 600 |9 39320 |a qbu |b qbu |c D3 |d 2014-12-17 |o 624.18341 K258C |p 1538.C12 |r 0000-00-00 |w 2014-12-17 |y STK0 |0 0 |6 624_183410000000000_K258C | ||
| 952 | |0 0 |1 0 |2 ddc |4 0 |6 624_183410000000000_K258C |7 0 |8 600 |9 39321 |a qbu |b qbu |c D3 |d 2014-12-17 |o 624.18341 K258C |p 1538.C13 |r 0000-00-00 |w 2014-12-17 |y STK0 |0 0 |6 624_183410000000000_K258C | ||
| 952 | |0 0 |1 0 |2 ddc |4 0 |6 624_183410000000000_K258C |7 0 |8 600 |9 39322 |a qbu |b qbu |c D3 |d 2014-12-17 |o 624.18341 K258C |p 1538.C14 |r 0000-00-00 |w 2014-12-17 |y STK0 |0 0 |6 624_183410000000000_K258C | ||
| 952 | |0 0 |1 0 |2 ddc |4 0 |6 624_183410000000000_K258C |7 0 |8 600 |9 39323 |a qbu |b qbu |c D3 |d 2014-12-17 |o 624.18341 K258C |p 1538.C15 |r 0000-00-00 |w 2014-12-17 |y STK0 |0 0 |6 624_183410000000000_K258C | ||